| 000 | 00423cam a2200181ua 4500 | ||
|---|---|---|---|
| 001 | 1277 | ||
| 008 | 110627n ii |||gr||||Z||||||eng | ||
| 040 | _cMAIN | ||
| 082 | _a330.954 | ||
| 245 | 1 |
_aElements of Indian Economics. _cBy B Deka. |
|
| 250 | _a1st. | ||
| 260 |
_aGowahati.: _bKitab ghar. |
||
| 300 |
_a281 p.: _c20 cm. |
||
| 653 | _aEconomics. | ||
| 653 | _aIndian economics. | ||
| 700 | _aDeka, B., | ||
| 942 | _cBK | ||
| 999 |
_c1178 _d1178 |
||